Buffalo Bills All Time Team - Statistics

General Stats
  • This quiz has been taken 43 times
  • The average score is 10 of 55
Answer Stats
Hint Answer % Correct
QB Josh Allen
100%
QB Jim Kelly
94%
WR Stefon Diggs
77%
WR Andre Reed
74%
RB O.J. Simpson
74%
RB Thurman Thomas
66%
RE Bruce Smith
49%
CB Tre'Davious White
31%
SS Jordan Poyer
29%
FS Micah Hyde
29%
QB Drew Bledsoe
26%
DT Kyle Williams
26%
WR Eric Moulds
23%
WR James Lofton
23%
LE Mario Williams
23%
RB Marshawn Lynch
23%
K Tyler Bass
23%
LG Billy Shaw
14%
ROLB Bryce Paup
14%
LOLB Cornelllius Bennett
14%
RG Joe DeLamielleure
14%
C Kent Hull
14%
MLB Tremaine Edmunds
14%
LOLB Von Miller
14%
CB Butch Byrd
11%
RG Reuben Brown
11%
C Eric Wood
9%
DT Fred Smerlas
9%
RE Aaron Schobel
6%
P Brian Moorman
6%
CB Stephon Gilmore
6%
DT Ted Washington
6%
WR Terrell Owens
6%
RT Will Wolford
6%
CB Antoine Winfield
3%
LT Jason Peters
3%
TE Keith McKeller
3%
CB Nate Clements
3%
KR/PR Percy Harvin
3%
FB Sam Gash
3%
MLB Shane Conlan
3%
TE Ernie Warlick
0%
FS George Saimes
0%
LG Jim Ritcher
0%
RT Joe Devlin
0%
FB Larry Centers
0%
SS Lawyer Milloy
0%
MLB London Fletcher
0%
ROLB Mike Stratton
0%
TE Pete Metzlaars
0%
LE Ron McDole
0%
LT Stew Barber
0%
MLB Takeo Spikes
0%
DT Tom Sestak
0%
CB Troy Vincent
0%
No matching quizzes found
Score Distribution
Percent of People with Each Score
Percentile by Number Answered
Your Score History
You have not taken this quiz